000 00632nam a2200265Ia 4500
005 20260121161410.0
008 008 260114s9999 xx 000 0 eng d
020 _a9781315860183
037 _aEBOOK
040 _aCRL
040 _beng
040 _cCRL
041 _2eng
041 _aeng
084 _qCRL
100 _aA Child's Brain
_91044156
245 0 _aMary Frank
260 _bTaylor and Francis
260 _c1984
650 _aSocial Work and Social Policy
_91044157
856 _uhttp://www.taylorfrancis.com/books/9781315860183
942 _cEBOOK
999 _c1610485
_d1610485